C-Alkylácie nitroalkánov

Saved in:
Bibliographic Details
Main Author: Jakubcová, Kristína (Author)
Other Authors: Jakubec, Pavol (Thesis advisor)
Format: Manuscript Book
Language:Slovak
Published: 2023
Subjects:
Online Access:http://is.stuba.sk/zp/portal_zp.pl?podrobnosti=162428
Tags: Add Tag
No Tags, Be the first to tag this record!

MARC

LEADER 00000ntm a22000003a 4500
001 stuzp94316
003 SK-STU
005 20230909221718.4
007 ta
008 150427s2015----xo-----f-mn---000-0-slo-d
040 |a STU  |b slo 
041 0 |a slo 
100 1 |a Jakubcová, Kristína  |u 048140  |4 aut  |U FCHPT Ústav organickej chémie, katalýzy a petrochémie  |T FCHPT Oddelenie organickej chémie  |X 110587  |U C8140  |Y 124  |7 110587 
242 0 1 |a C-Alkylation of nitroalkanes  |y eng 
245 1 0 |a C-Alkylácie nitroalkánov 
260 |c 2023 
650 4 |a nitroalkán  |2 slo 
650 4 |a C-alkylácia  |2 slo 
650 4 |a epoxidy  |2 slo 
650 4 |a nitrostyrén  |2 slo 
650 4 |a nitroalkane  |2 eng 
650 4 |a C-alkylation  |2 eng 
650 4 |a epoxide  |2 eng 
650 4 |a nitrostyrene  |2 eng 
700 1 |a Jakubec, Pavol  |u 048140  |k Z1  |4 ths  |U FCHPT Ústav organickej chémie, katalýzy a petrochémie  |T FCHPT Oddelenie organickej chémie  |X 4023  |U C8140  |Y 124  |7 A000004023 
856 4 |u http://is.stuba.sk/zp/portal_zp.pl?podrobnosti=162428